Scandinavian Journal of Work, Environment & Health
محفوظ في:
التنسيق: دورية
اللغة: Undetermined
منشور في:
JSTOR
Scandinavian Journal of Work, Environment & Health
الموضوعات:
الوصول للمادة أونلاين: Login to view Source
الوسوم: إضافة وسم
لا توجد وسوم, كن أول من يضع وسما على هذه التسجيلة!
رقم الطلب:
| LEADER | 00651nas a2200193Ia 4500 | ||
|---|---|---|---|
| 008 | 220214c99999999xx |||||||||||| ||und|| | ||
| 022 | |a 0355-3140 | ||
| 022 | |a 1795-990X | ||
| 245 | 0 | 0 | |a Scandinavian Journal of Work, Environment & Health |
| 264 | 1 | |b JSTOR | |
| 264 | 1 | |b Scandinavian Journal of Work, Environment & Health | |
| 362 | 0 | |a Vol. 1(1975)-44 (2018) | |
| 653 | 1 | 0 | |a Health Sciences |
| 653 | 1 | 0 | |a Labor & Employment Relations |
| 653 | 1 | 0 | |a Medicine & Allied Health |
| 856 | 4 | 0 | |u https://www.jstor.org/journal/scanjworkenvihea |
| 942 | |c JL | ||
| 952 | |0 0 |1 0 |4 0 |7 1 |9 37129 |a JSR |b JSR |d 2022-02-14 |l 0 |r 2022-02-14 00:00:00 |w 2022-02-14 |y JL | ||
| 999 | |c 45460 |d 45460 | ||
